000 00751nam a2200253Ia 4500
003 OSt
005 20220927111742.0
006 a|||||r|||| 00| 0
007 ta
008 220926b |||||||| |||| 00| 0 eng d
024 _a103484
037 _cReports
040 _aRTL
_cRTL
_beng
041 _2eng
_aeng
082 _a"z.2.N97<--N92t5, N7/GD"
110 _a"India, Planning Commission"
245 0 _aDraft mid term appraisal of the eighth five year plan 1992-97
260 _aDelhi
_bManager of Publications India
_c1997
300 _a501p.
_ccm.
650 _aGenerglia
_9356436
700 _a"India, Planning Commission"
942 _h"z.2.N97<--N92t5, N7/GD"
_cCC
999 _c699484
_d699484